000 00759nam a2200253Ia 4500
008 191130s2007##################000#0#eng##
020 _a9780130307521
022 _a2006025086
040 _aACL
_cACL
082 _a155 POO
100 _aPoole, Debra A
245 _aThe story of human development
_cDebra A. Poole, Amye Warren, Narina Nuñez
250 _a1st ed
260 _aUpper Saddle River, NJ
_bPearson/Prentice Hall
_cc2007
300 _axx, 669 p. ; 30 cm
500 _aIncludes bibliographical references and index
650 _aDevelopmental biology
650 _aDevelopmental psychology
700 _aNuñez, Narina
700 _aWarren, Amye
990 _abeb6e752ac10000c3bea1ec587920fb1
991 _a231312
999 _c71516
_d71516